Zahraničná cena tovarov a transakčné náklady

Súčasť transakčných nákladov v štruktúre zahraničnej ceny. Autorka vychádza z vlastného prieskumu realizovaného na Slovensku v období január – máj 2011 na vzorke 42 malých, stredných a veľkých spoločností pôsobiacich na slovenskom trhu, ktoré dovážajú / vyvážajú určitú komoditu,...

Descripción completa

Guardado en:
Detalles Bibliográficos
Autor principal: Furdová, Lucia, 1984-
Formato: Capítulo de libro
Lenguaje:eslovaco
Materias:
Etiquetas: Agregar Etiqueta
Sin Etiquetas, Sea el primero en etiquetar este registro!

MARC

LEADER 00000nla$a2200000$$$4500
001 0147449
005 20240502072649.7
041 0 |a slo 
044 |a SK 
245 1 0 |a Zahraničná cena tovarov a transakčné náklady  |c Lucia Furdová 
520 |a Súčasť transakčných nákladov v štruktúre zahraničnej ceny. Autorka vychádza z vlastného prieskumu realizovaného na Slovensku v období január – máj 2011 na vzorke 42 malých, stredných a veľkých spoločností pôsobiacich na slovenskom trhu, ktoré dovážajú / vyvážajú určitú komoditu, výrobok, tovar. Značný podiel na štruktúre zahraničnej ceny tvoria výrobné náklady / obstarávacia cena (v priemere 49 percent) a z hľadiska transakčných nákladov náklady dodania (v priemere 12 percent). 
610 2 0 |a náklady transakčné 
610 2 0 |a dodávky 
610 2 0 |a ceny 
100 1 |a Furdová, Lucia, 1984-